<?xml version="1.0" encoding="UTF-8"?>
<record
    xmlns:xsi="http://www.w3.org/2001/XMLSchema-instance"
    xsi:schemaLocation="http://www.loc.gov/MARC21/slim http://www.loc.gov/standards/marcxml/schema/MARC21slim.xsd"
    xmlns="http://www.loc.gov/MARC21/slim">

  <leader>02081nam a22001697a 4500</leader>
  <controlfield tag="008">200121b        xxu||||| |||| 00| 0 eng d</controlfield>
  <datafield tag="020" ind1=" " ind2=" ">
    <subfield code="a">9780198798958</subfield>
  </datafield>
  <datafield tag="050" ind1=" " ind2=" ">
    <subfield code="a">HC1060.E29</subfield>
  </datafield>
  <datafield tag="245" ind1=" " ind2=" ">
    <subfield code="a">The economy of Ghana sixty years after independence. /</subfield>
    <subfield code="c">edited by Ernest Aryeteey.</subfield>
  </datafield>
  <datafield tag="260" ind1=" " ind2=" ">
    <subfield code="a">Oxford :</subfield>
    <subfield code="b">Oxford University Press, </subfield>
    <subfield code="c">2017.</subfield>
  </datafield>
  <datafield tag="300" ind1=" " ind2=" ">
    <subfield code="a">xx, 415 p. : </subfield>
    <subfield code="b">ill ;</subfield>
    <subfield code="c">24 cm.</subfield>
  </datafield>
  <datafield tag="500" ind1=" " ind2=" ">
    <subfield code="a">Includes index.</subfield>
  </datafield>
  <datafield tag="505" ind1=" " ind2=" ">
    <subfield code="a">Contents: Part I: Thematics issues: Ghana at sixty:learning from a developing African nation's past -- W. Arthur Lewis and the roots of Ghanaian Economic Policy -- Property and freedom -- Part II: Macroeconomy and finance: Economic growth in Ghana:   trends and structure, 1960-2014 -- Sixty years of fiscal policy in Ghana: outcomes and lessons -- Monetary policy and inflation   management in Ghana: inflation targeting and outcomes -- Trade and exchange rate policies since independence and prospects for the future -- Banking and capital markets: the evolution of Ghana's financial sector and future prospects -- Oil and Ghana's economy -- Part III: Sectoral perspectives: Flickering decades of agriculture and agricultural policy -- Industrial policy in Ghana: from a dominant state to resource abundance -- Formal and informal enterprise as drivers and absorbers of employment -- Urbanization in Ghana: retrospect and prospects -- State of Ghana's infrastructure and its implications for economic development -- Managing the environment for development -- Mining in Ghana: critical reflections on a turbulent past and uncertain future -- Part IV: Human development: Inequality and poverty in Ghana -- Employment and labour market -- Closing the gender gaps in Ghana -- The prospects and challenges olf a youthful population in achieving economic and social transformation in Ghana -- Education in Ghana: access, quality, and prospects for reforms -- Health and healthcare in Ghana, 1957-2017 -- Social health insurance in Ghana: the politics, economics, and the future.   </subfield>
  </datafield>
  <datafield tag="700" ind1=" " ind2=" ">
    <subfield code="a">Aryeetey,Ernest.</subfield>
  </datafield>
  <datafield tag="700" ind1=" " ind2=" ">
    <subfield code="a">Kanbur, Ravi.</subfield>
  </datafield>
  <datafield tag="942" ind1=" " ind2=" ">
    <subfield code="2">lcc</subfield>
    <subfield code="c">BK</subfield>
  </datafield>
  <datafield tag="999" ind1=" " ind2=" ">
    <subfield code="c">6987</subfield>
    <subfield code="d">14487</subfield>
  </datafield>
  <datafield tag="952" ind1=" " ind2=" ">
    <subfield code="0">0</subfield>
    <subfield code="1">0</subfield>
    <subfield code="2">lcc</subfield>
    <subfield code="4">0</subfield>
    <subfield code="7">0</subfield>
    <subfield code="a">WIUC-1</subfield>
    <subfield code="b">WIUC-1</subfield>
    <subfield code="c">REF</subfield>
    <subfield code="d">2020-01-21</subfield>
    <subfield code="l">0</subfield>
    <subfield code="o">HC1060.E29</subfield>
    <subfield code="p">8592/045/20</subfield>
    <subfield code="r">2020-01-21 00:00:00</subfield>
    <subfield code="t">1</subfield>
    <subfield code="w">2020-01-21</subfield>
    <subfield code="y">BK</subfield>
  </datafield>
  <datafield tag="952" ind1=" " ind2=" ">
    <subfield code="0">0</subfield>
    <subfield code="1">0</subfield>
    <subfield code="2">lcc</subfield>
    <subfield code="4">0</subfield>
    <subfield code="7">0</subfield>
    <subfield code="a">WIUC-1</subfield>
    <subfield code="b">WIUC-1</subfield>
    <subfield code="c">REF</subfield>
    <subfield code="d">2020-01-21</subfield>
    <subfield code="l">0</subfield>
    <subfield code="o">HC1060.E291</subfield>
    <subfield code="p">8593/046/20</subfield>
    <subfield code="r">2020-01-21 00:00:00</subfield>
    <subfield code="t">2</subfield>
    <subfield code="w">2020-01-21</subfield>
    <subfield code="y">BK</subfield>
  </datafield>
</record>
